[Event "RUS-chT 16th"]
[Site "Dagomys"]
[Date "2009.04.07"]
[Round "4"]
[White "Belov, Vladimir"]
[Black "Grischuk, Alexander"]
[Result "1-0"]
[WhiteElo "2623"]
[BlackElo "2748"]
[Annotator "Krasenkow,M"]
[PlyCount "117"]
[EventDate "2009.04.04"]
[EventType "team-tourn"]
[EventRounds "7"]
[EventCountry "RUS"]
[SourceTitle "EXT 2020"]
[Source "ChessBase"]
[SourceDate "2019.10.17"]
[SourceVersion "1"]
[SourceVersionDate "2019.10.17"]
[SourceQuality "1"]
[WhiteTeam "Moscow Eurasia Logistics"]
[BlackTeam "Sverdlovsk Ural region"]
[WhiteTeamCountry "RUS"]
[BlackTeamCountry "RUS"]

1. d4 Nf6 2. c4 g6 3. Nc3 Bg7 4. e4 d6 5. Nf3 O-O 6. Be2 e5 7. O-O Nc6 8. d5
Ne7 9. Ne1 Nd7 10. f3 f5 11. g4 {A well-forgotten old system. White intends to
seize the initiative on the kingside or close it altogether.} Kh8 12. Nd3 {
Other options:} (12. Be3) (12. Ng2) (12. h4) 12... Ng8 13. Kh1 f4 (13... Bh6
14. Rg1 Bxc1 15. Rxc1 c5 16. dxc6 $1 bxc6 17. c5 fxe4 18. fxe4 dxc5 19. Na4 Ba6
20. Naxc5 Nxc5 21. Nxc5 Bxe2 22. Qxe2 $16 {1-0 Lautier,J-Degraeve,J/Epinal
1986/EXT 1997 (35)}) (13... a5 $5 14. Rg1 (14. a3 b6 15. Bd2 Nc5 16. Nxc5 bxc5
17. gxf5 gxf5 18. Rg1 Bd7 19. exf5 Bxf5 20. Ne4 Nf6 21. Bd3 Nxe4 22. fxe4 Bg6
$15 {0-1 Michaelsen,N-Bischoff,K/Germany 1989/GER-chT (43)}) 14... Rf7 15. g5
$6 (15. Bd2 $13 {[%cal Ya2a3,Yb2b4] Dolmatov}) 15... f4 16. Bf1 Bf8 17. b3 Be7
18. Nb5 b6 19. Bh3 Nc5 20. Bxc8 Nxd3 21. Qxd3 Qxc8 22. Qf1 h6 $1 23. gxh6 g5
$15 {1/2-1/2 Vaganian,R-Uhlmann,W/Niksic 1978/MCL/[Dolmatov] (60)}) (13... c5
$5 14. a3 Ndf6 15. Rg1 b6 16. Bd2 Rb8 17. b4 Rb7 18. Rb1 Rbf7 19. bxc5 bxc5 20.
Qe1 Nd7 21. Nc1 fxg4 22. fxg4 h6 23. Nb3 a6 24. g5 hxg5 25. Bxg5 Bf6 26. Be3
Bh4 $13 {1/2-1/2 Dzevlan,M-Popovic,P/Kladovo 1991/TD (60)}) (13... a6 14. Be3
Bh6 15. Qd2 Qh4 16. Rg1 fxg4 17. Rxg4 Bxe3 18. Qxe3 Qe7 19. Qg5 Nb6 20. Qxe7
Nxe7 21. Rgg1 Nxc4 22. Rac1 c6 23. dxc6 bxc6 24. Na4 Be6 {1/2-1/2 Khomyakov,
V-Khait,A/Warsaw 1992/CBM 028 ext}) 14. Rg1 Bf6 $146 {An ambitious plan. Black
starts preparing ...h7-h5. However, it is too slow.} (14... g5 $142 {, and
Black obtained a good position in the following game:} 15. Bd2 h5 16. h3 (16.
gxh5 $5 Bh6 17. c5 $1 {should be checked}) 16... Rf6 17. Rc1 Rh6 18. Kg2 Bf8
19. b4 Ne7 20. c5 Ng6 21. cxd6 Bxd6 22. Nb5 Nf6 23. Nf2 Bd7 24. a4 {1/2-1/2
Cheparinov,I-Fedorov,A/Khanty Mansiysk 2005/CBM 111}) 15. b4 Bh4 16. c5 Ndf6
17. Bb2 Bd7 18. a4 h5 {Completing his plan but White changes everything by
means of a (typical, in fact) piece sacrifice.} 19. Nxf4 $5 {[%mdl 512]} (19.
gxh5 g5 $1) 19... exf4 20. g5 Kh7 (20... Ne8 21. cxd6 cxd6 22. Nb5+ Kh7 23. Qd4
Ne7 24. Nxd6 Qb6 $1 25. Nc4 Qxd4 26. Bxd4 $44) 21. gxf6 Bxf6 22. Qd2 Nh6 (22...
Be5 23. Nb5 $1 Bxb5 24. axb5 Qf6 25. Bxe5 Qxe5 26. Ra3 $16 {[%cal Yg1a1]}) 23.
Bb5 Bh3 (23... Nf7 24. Bxd7 Qxd7 25. Qg2 g5 26. Nb5 Bxb2 27. Qxb2 $16 {[%cal
Yb5d4,Yd4e6,Yd4f5]}) 24. Bf1 Bd7 25. Bb5 Bh3 26. Rac1 Be5 (26... a6 27. Bf1 Bd7
28. Ne2 $16) 27. Nd1 {[%cal Yd1f2,Yf2d3]} (27. Ne2 {[%cal Ye2d4]}) 27... a6 28.
Nf2 $1 Bc8 (28... axb5 29. Nxh3 {[%cal Rh3g5,Rg5e6]} Nf7 30. cxd6 cxd6 31. Bxe5
dxe5 32. axb5 $16) 29. Bf1 Nf7 30. Nd3 Bd7 31. cxd6 cxd6 32. Nxe5 dxe5 33. d6
$1 {White must even be ready to sacrifice this pawn to open up files and
diagonals for his bishops.} Bxa4 $2 (33... Rc8 $142 $1 34. Bc4 $1 (34. Rxc8
$143 Qxc8) 34... Nxd6 $5 35. Bb3 $1 (35. Qxd6 $2 Bg4 $1) 35... Nf7 (35... Rxc1
36. Rxc1 Nf7 37. Qd5 $16) 36. Rcd1 Rc7 37. Qg2 Qf6 38. Bxf7 Qxf7 39. Bxe5 $16)
34. Rc7 Kh6 35. Rxf7 $2 {There was no need to sacrifice an exchange.} (35. Bc4
{was much simpler:} Bd7 (35... Nxd6 36. Rxg6+ Kxg6 37. Qg2+ $18) (35... Qxd6
36. Qg2 $18) 36. Bxf7 Rxf7 37. Bxe5 $18) 35... Rxf7 36. Bxe5 Bb5 37. Bxf4+ $6 {
White has no easy win anymore although his strong central pawns should
guarantee him an advantage.} (37. Qd5 $5 Qg8 $1 (37... Qd7 38. Bh3 Qxh3 39.
Bxf4+ Kg7 40. Bh6+ $1 $18) 38. Bxb5 axb5 39. Bxf4+ Kh7 40. Qg5 Qg7 41. Be5 Qh6
42. Qg2 $16) 37... Kh7 38. Bg2 $6 {A practical decision: to keep a bishop pair
and continue "torturing" Black. But that was the very moment when Alexander
Grischuk could have equalized the game.} (38. Bxb5 axb5 39. Be5 Qd7 40. Qg5 Qe6
$14) 38... Qd7 $2 (38... Qf8 $1 39. Be3 Rxf3 $1 40. Bxf3 Qxf3+ 41. Qg2 Qf7 {
[%cal Rb5c6] and White must repeat moves:} 42. Qg5 Qf3+ 43. Qg2 Qf7 $11) 39.
Bg5 {[%cal Yf3f4,Ye4e5]} (39. Be5 $5 {[%cal Yf3f4]}) 39... Bc6 (39... Rc8 40.
f4) (39... Qe6 40. f4 Bc6 41. Qd3 $16) 40. Qd4 $5 (40. f4 Re8 41. Qd3 $140 h4
$1) 40... a5 41. Bc1 $2 {[%cal Rd4e3] Creating a "strong" threat, which proves
to be a bluff!} (41. bxa5 $142 Rxa5 42. Bd2 Ra4 43. Qe5 $14) 41... Qe8 $2 (
41... axb4 $1 42. Qe3 Rg7 43. Qh6+ Kg8 44. Bb2 Qf7 45. f4 Ra2 $1 {and Black
holds on.}) 42. Qe3 Qf8 43. b5 $1 Bd7 (43... Bxb5 44. e5 Bc6 45. e6 $18 {
[%csl Gd6,Ge6]}) 44. e5 Re8 45. f4 {Finally White has created a strong pawn
wedge and regained the upper hand.} Bxb5 46. Be4 Rf5 47. Qb6 Bc6 48. Bxc6 bxc6
49. d7 Rd8 50. Qxc6 Qf7 51. e6 $18 {[%csl Gd7,Ge6]} Qe7 52. Re1 $2 (52. Ba3 $1
Qf6 (52... Qxa3 53. e7 Qxe7 54. Qxg6+ Kh8 55. Qxf5 $18) 53. Bb2 $1 Qe7 54. Be5
$18 {[%cal Re5c7]}) 52... Rf6 $2 {The last mistake.} ({After} 52... Rc5 $1 {
Black miraculously escapes:} 53. Qe4 (53. Ba3 Qh4 $1 54. Bxc5 Qxe1+ 55. Bg1 a4
$11) 53... Rxd7 54. Ba3 (54. f5 gxf5 55. Qf4 Rxc1 56. Qxf5+ Kh6 57. Rxc1 Rd4 $1
$11) 54... Rdc7 55. Rg1 Qe8 56. Bxc5 Rxc5 57. e7 Rf5 58. Rd1 {[%cal Rd1d8]} Rf7
$1 59. Rd7 Qxd7 60. e8=Q Qxe8 ({or} 60... Qd1+ 61. Qe1 Qf3+ 62. Kg1 Qxf4 {
forcing} 63. Q8e4) 61. Qxe8 Rxf4 {with a theoretical fortress.}) 53. Qe4 a4 54.
Bb2 (54. Ba3 $18) 54... Rf5 55. Qxa4 Rdf8 56. Qd4 Rxf4 57. Qg7+ Qxg7 58. Bxg7
Rd8 59. Be5 1-0

[Event "Corus"]
[Site "Wijk aan Zee"]
[Date "2005.01.28"]
[Round "11"]
[White "Sokolov, Ivan"]
[Black "Topalov, Veselin"]
[Result "1/2-1/2"]
[WhiteElo "2685"]
[BlackElo "2757"]
[Annotator "Hazai,L"]
[PlyCount "151"]
[EventDate "2005.01.15"]
[EventType "tourn"]
[EventRounds "13"]
[EventCountry "NED"]
[EventCategory "19"]
[SourceTitle "CBM 105"]
[Source "ChessBase"]
[SourceDate "2005.04.11"]
[SourceVersion "1"]
[SourceVersionDate "2005.04.11"]
[SourceQuality "1"]

1. d4 Nf6 2. c4 g6 3. Nc3 Bg7 4. e4 d6 5. Bd3 O-O 6. Nge2 c5 7. d5 e6 8. O-O
Ng4 (8... exd5 {is the main line and White has to decide between the Benoni
Penrose Attack, or taking back with the e P.}) 9. Bc2 (9. h3 {helps only for
Black exchanging the important B.} Ne5 10. f4 Nxd3 11. Qxd3 exd5 12. exd5 (12.
Nxd5 Be6 {/\ Nc6 and the dark squares are vulnerable.} 13. f5 Bxd5 14. Qxd5 Nc6
{1/2-1/2 J.Ivanov-V.Dimitrov, Marin 2001}) 12... Na6 13. a3 Nc7 14. Ng3 f5 $1 {
This is the important defensive method. Now the position becomes fairly closed
and it is far from easy to find a breakthrough for White. His g3 N is pathetic,
too.} 15. Be3 Re8 16. Bf2 a5 17. Rab1 Bd7 18. Nge2 b6 19. Rfe1 Qf6 20. Kh1 $11
{Bonsch-Ionescu, Stara Zagora 1990}) (9. dxe6 {Giving up the [+] cannot yield
anything real for White.} fxe6 10. f4 Nc6 11. h3 Nh6 12. Be3 e5 13. Qd2 exf4
14. Nxf4 Nf7 {fighting for the blockading squares e5 and d4.} 15. Rf2 Nfe5 16.
Raf1 Bd7 17. Nb5 a6 18. Nxd6 b6 19. Be2 Nd4 20. Bxd4 cxd4 $15 {Panczyk-Gdanski,
Poland 1992}) (9. f4 exd5 10. Nxd5 {White has a nice [+], but the dark squares
are weakened, especially >< d4.} Be6 (10... Nc6 11. h3 (11. Nec3 {Skembris})
11... Nf6 12. Bd2 $1 ({The aggressive} 12. f5 {gives up the vital e5 square.}
Nxd5 13. cxd5 Ne5 14. g4 b5 $1 $132 {Dumitrache-Nevednichy, La Fere 2002})
12... Re8 13. Nxf6+ Bxf6 14. Bc3 Bxc3 $142 $1 {Skembris} (14... a6 {/\ b5, but
the plan is a bit slow.} 15. Qd2 Rb8 16. Rad1 b5 17. cxb5 (17. b3 {holding the
[+].} Bxc3 18. Qxc3 bxc4 19. Bxc4 $5 {White sacrifices the e4 P in order to
attack against >< f7.} Rxe4 20. Qf3 $5 (20. Qd3 $6 Re7 $1 $15 {
Skembris-Nevednichy, Saint-Vincent 84/(463) 2002}) (20. f5 {! Skembris} Bxf5 $1
(20... Nd4 $5 21. fxg6 $1 Nxe2+ 22. Bxe2 hxg6 23. Bf3 $1 $40 Re8 24. Bc6 Rf8
25. Qg3 $16) (20... Ne5 21. Ng3 Rxc4 22. Qxe5 $1 $40) 21. Rxf5 $1 {This
positional exchange sacrifice is the logical follow-up, but things are far
from clear.} gxf5 22. Qg3+ Kh8 23. Rxd6 Qe8 24. Rxc6 f4 (24... Rxc4 $1) 25.
Qc3+ $18) 20... Qe8 21. Rxd6 $13) 17... axb5 18. Bb1 $5 $14) 15. Nxc3 Nd4 $13)
11. h3 Bxd5 12. exd5 Nf6 13. f5 Nbd7 14. fxg6 fxg6 15. Bg5 Qb6 16. Bxf6 Nxf6
17. Qc2 Rae8 18. Kh1 Re3 19. Nf4 Rfe8 20. Bxg6 $13 {Nemet-Gheorghiu, Biel 1992}
) 9... Ne5 (9... Qh4 {looks a bit hazardous.} 10. h3 Ne5 11. f4 (11. dxe6 Bxe6
12. f4 Nxc4 {- 11.f4}) 11... Nxc4 12. dxe6 Bxe6 13. Bb3 $1 $16 {Suba} (13. b3
Nb6 14. f5 Bd7 15. Qxd6 Rc8 16. a4 Bc6 17. f6 Bh6 18. Bf4 Na6 19. Qd2 Bxf4 20.
Rxf4 Qh6 $11 {Knaak-Marin, Dortmund 1988})) 10. b3 exd5 11. exd5 (11. cxd5 {
leads to a Benoni type of position with good counterchances on the << for
Black.} b5 12. Rb1 (12. f4 b4 13. fxe5 Bxe5 14. Bf4 Bxf4 15. Nxf4 bxc3 16. Qe1
Ba6 17. Bd3 Bxd3 18. Nxd3 Nd7 19. Qxc3 Qg5 20. Rae1 Rae8 21. b4 cxb4 22. Nxb4
Nc5 $11 {Grigore-Marin, Bucharest 1994}) 12... b4 13. Na4 Ba6 14. h3 Ned7 {
preparing for f4.} 15. a3 bxa3 16. Bxa3 Nb6 17. Nb2 Re8 18. Re1 N8d7 $132 {
Bruzon Bautista-Nataf, Mallorca 2004}) 11... Re8 (11... b5 $143 $2 {is not a
100% correct P sacrifice.} 12. cxb5 a6 13. Bd2 $1 (13. f4) (13. Bf4) (13. Rb1
axb5 14. b4) 13... Nbd7 $142 {/\ Nb6} (13... Re8 14. Re1 $5 $14 (14. a4 axb5 (
14... Ra7 $2 15. Rb1 $1 axb5 16. Nxb5 Rae7 17. Nec3 $16 {Seirawan-V.Dimitrov,
Moscow (ol) 1994 62/580}) 15. axb5 $1 {firmly holding the important extra P on
b5.} (15. Nxb5 Nf3+ 16. gxf3 Bxa1 17. Qxa1 Rxe2 18. Bh6 f6 19. Be4 Ba6 20. Nc3
Nd7) 15... Rxa1 16. Qxa1 Nf3+ 17. gxf3 Rxe2 18. Qd1 Re8 19. Re1 $14))) (11...
f5 12. f4 Nf7 13. Bd2 $13 {Seirawan}) 12. Bf4 Na6 13. a3 f5 {Black's position
is a tough nut to crack!} 14. Qd2 Bd7 15. Rae1 (15. Rfe1 {looks more flexible.}
Nf7) (15. Bg5 Bf6 16. Bxf6 Qxf6 $11 {and the exchange of the dark-squared B is
not bad for Black.}) 15... Nf7 (15... Qa5) 16. Qc1 (16. Qd1) 16... Nc7 17. a4 (
17. Bd3 Ne5) 17... Na6 {/\ Nb4 exploiting the weakness of b4.} (17... a6 {
is usually met by the standard} 18. a5) 18. Nb5 Be5 19. Bd2 (19. Bxe5 dxe5 20.
f4 e4 $15 {and after blockading >< d6 by the N it is only Black who can play
on.}) 19... Nb4 20. Bxb4 $6 {giving up the important B leads to passivity.} (
20. Bb1 a6 21. Nbc3) 20... cxb4 21. Qd2 a6 22. Nbd4 Qb6 $15 23. Rd1 Re7 24. h4
(24. Nf3 Bf6 25. Ned4 (25. Rfe1 Rae8 $15) 25... Rae8 $15) 24... Rae8 25. Nf4 a5
(25... Bg7 26. Nde6) (25... Bxd4 26. Qxd4 Qxd4 27. Rxd4 a5 $11) 26. g3 Bg7 27.
Kg2 (27. Nfe6 {looks promising, but Black can eliminate the dangerous intruder.
} Bh6 28. Qd3 Nd8) 27... Bh6 28. Rh1 Bg7 29. Bb1 Qxd4 30. Qxd4 Bxd4 31. Rxd4 b6
{The _|_ is a bit better for Black, but a plan for the penetration is hard to
find.} 32. Rdd1 Nd8 33. Nd3 Nb7 34. Rd2 Kg7 35. Bc2 h6 36. Bd1 Re4 37. Nf4 Nc5
38. Bc2 R4e7 39. Nd3 Na6 {Black needs the N for future operations.} 40. Nf4 Kf6
41. Bd1 Re4 42. Bf3 {[#]} Nc5 $5 {[%mdl 512] This is an ecellent positional
exchange sacrifice, after which only Black can win. The position remains
closed, and the white rooks cannot find open lines.} 43. Bxe4 fxe4 44. Rb1 Bg4
45. Ne2 (45. Kf1 {/\ Ng2-e3} e3 46. fxe3 Rxe3 47. Rf2 Bf5) 45... Bf5 46. Rbb2
e3 (46... Nd3 {looks tempting but after} 47. Rb1 Nxf2 48. Nd4 e3 49. Rxf2 exf2
50. Rf1 {White has no problems.}) 47. Rd4 (47. fxe3 Rxe3 $36) 47... exf2 (47...
Nd3 {is again parried by} 48. Rxd3 Bxd3 49. fxe3 Rxe3 50. Kf2) 48. Kxf2 g5 (
48... Nd3+ {is answered by} 49. Rxd3 Bxd3 50. Nd4 $11) 49. Nc1 Ke5 50. Rd1 gxh4
51. gxh4 Rg8 52. Rh1 Ne4+ 53. Ke1 Rg3 {The black pieces dominate the whole
board, the white pieces lack any of harmony.} 54. h5 $6 (54. Ne2) 54... Bg4 55.
Kf1 Rc3 56. Ne2 Re3 ({missing the beautiful} 56... Rf3+ $1 57. Kg1 (57. Ke1 Nf2
$17) 57... Rxb3 58. Rxb3 Bxe2 $36 {Black has sacrificed the second exchange,
but White's << pawns will fall.}) 57. Ng1 (57. Rg1) 57... Nc5 (57... Bd1 $1 {
was required:} 58. Rh3 Rxh3 59. Nxh3 Bxb3 $19) 58. Rh4 Bf5 $2 (58... Bd1 $1 {
was the last chance.}) 59. Kf2 {Now White can push back the enemy K and
activate his own pieces.} Rxb3 60. Rxb3 Nxb3 61. Nf3+ Kf6 62. Ke3 Bd7 63. Rf4+
Kg7 64. Nd4 Nc5 65. Kd2 Kg8 (65... Bxa4 66. Ne6+) 66. Ne6 Nxe6 67. dxe6 Bxe6
68. Rd4 Kf7 69. Rxd6 Bxc4 70. Rxh6 b5 71. axb5 Bxb5 72. Rg6 Be8 73. Rg1 Kf6 74.
h6 Bg6 75. Rf1+ Kg5 76. Ra1 1/2-1/2

[Event "EU-ch 12th"]
[Site "Aix les Bains"]
[Date "2011.04.01"]
[Round "10"]
[White "Beliavsky, Alexander G"]
[Black "Inarkiev, Ernesto"]
[Result "1/2-1/2"]
[WhiteElo "2619"]
[BlackElo "2674"]
[Annotator "Marchand,A/Primel,D"]
[PlyCount "51"]
[EventDate "2011.03.22"]
[EventType "swiss"]
[EventRounds "11"]
[EventCountry "FRA"]
[SourceTitle "CBM 142 Extra"]
[Source "ChessBase"]
[SourceDate "2011.06.27"]
[SourceVersion "1"]
[SourceVersionDate "2011.06.27"]
[SourceQuality "1"]
[TimeControl "40/5400+30:1800+30"]

1. d4 Nf6 2. c4 g6 3. Nc3 Bg7 4. e4 d6 5. Nf3 O-O 6. Be2 c5 7. O-O {90} Re8 {
92 Une ligne secondaire souvent jouée par ANDERSSON dans les années 70} (7...
cxd4 $142 {Retombe sur une Maroczy}) (7... Nc6 $142 8. d5 Na5 9. h3 e5) 8. Be3
{92 Le choix des Noirs a surpris les Blancs qui ont réfléchi 20 mns sur ce coup
} (8. d5 {[%csl Re8]} e6 9. Nd2 (9. h3) 9... Na6) (8. dxc5 $143 dxc5 {[%csl
Gd4][%cal Gb8c6]} 9. Be3 (9. Qxd8 Rxd8 10. Be3 b6 11. Rad1 Rxd1 12. Rxd1 Nc6
$11 {[%csl Gd4]}) 9... Nfd7 10. Qc2 Nc6 11. Rfd1 $14 {Ogaard,L (2420)
-Andersson,U (2565) Clare Benedict Cup 1977 (3.2) 1/2}) (8. Re1 cxd4 9. Nxd4 a6
10. Be3 b6 11. f3 (11. Nb3 $5 $14 {Une amélioration proposée par KHALIFMAN 
(opening for white 1a) pour garder l'avantage d'espace en évitant les échanges.
}) 11... Bb7 12. Qd2 Nbd7 {Furman,S (2535)-Andersson,U (2565) FRG-ch int 4th
1977 (8) 1/2}) 8... Ng4 {86} 9. Bg5 h6 10. Bh4 {72} (10. Bc1 $5 {Perd un temps
mais le Ng4 va lui aussi en perdre un et Bc1 était peut-être une meilleure
option car dans les deux parties jouées en 2011 avec Bh4, les Noirs ont eu un
bon jeu.} cxd4 11. Nxd4 Qb6 {[%csl Rd4]} (11... Nf6 12. Be3 $14 {Retombe sur
une variante Maroczy dans des bonnes conditions pour les Blancs car la re8 est
assez mal placée et le coup h6 pas trés utile}) 12. Ndb5 {[%csl Rg4]} Nf6 13.
Be3 $14) 10... cxd4 {82} 11. Nxd4 Ne5 (11... Bxd4 12. Qxd4 e5 $1 13. Bxd8 exd4
14. Nb5 Rxd8 15. Nc7 Nf6 16. Nxa8 Ne8 {[%csl Ra8,Gc7]} 17. b4 Be6 18. Rad1 d3
$1 {1/2-1/2 Vallejo Pons,F (2705)-Banikas,H (2620)/Porto Carras 2011}) 12. f4 {
66} Nec6 {79} 13. Nb3 $1 {[%csl Rb8,Re8] 66 Avec un avantage d'espace et un
meilleur développement, il vaut mieux éviter les échanges} Nd7 {76} (13... Bxc3
$5 {Un peu risqué car les Noirs ont un retard de développement} 14. bxc3 {
[%cal Gb8a6,Ga6c5,Gb8d7,Gd7c5]} Nd7 (14... Na6 15. f5 {[%csl Rc8]}) 15. Qd2 Nf6
16. Bd3 Kg7 17. Rad1 {[%cal Ge4e5,Gd2d8]} Qc7 $13 (17... a5 {[%cal Ga5a4]}))
14. Kh1 {60} b6 {72} 15. Qd2 (15. Rc1 Nc5 $132) 15... Bb7 16. Rad1 {55} Nc5 $1
$11 {67 Les Noirs ont joué rapidement l'ouverture et ils n'ont pas eu trop de
problèmes pour égaliser.} 17. Qe3 {51} (17. Nxc5 $6 bxc5 {[%csl Gd4][%cal
Gc6d4]} (17... dxc5 {[%cal Gc6d4]}) 18. Nd5 Nd4 {[%csl Rb2,Gd4][%cal Ga8b8,
Gg7b2,Ga6a5,Ga5a4]}) 17... Nb4 {59} 18. Nd4 {41} (18. f5 $5 g5 (18... Qc8 19.
fxg6 fxg6 20. Nd5 Bxd5 (20... Bxb2 $2 21. Qxh6) 21. exd5 $16 {[%csl Re7]}) (
18... Nc2 19. Qc1 Nb4 20. fxg6 fxg6 21. Nd5 Nxa2 22. Qc2) 19. Bg3 Nc6 20. h4 $1
{C'est la différence avec la partie car en n'ayant pas joué Nb3d4, les Blancs
ont un temps de plus pour attaquer а l'aile-roi}) 18... Qc8 {43} 19. f5 $5 {
Les pièces Noires défendent assez mal l'aile-roi et il est logique d'y attaquer
} (19. e5 $14 {[%csl Rg7] Peut-être un plus précis} a6 {[%cal Gc8c7]} 20. Bf3
$14) 19... g5 20. Bg3 {33} (20. Bf2 Nc6 $11) 20... Nc6 {[%csl Rd4] 37} 21. Ndb5
{18} a6 {21} 22. f6 $1 {[%cal Gb5d6]} Bh8 23. Rf5 $3 {L'ancien TOP GMI a
encore des beaux restes!} (23. fxe7 $5 axb5 24. Bh5 {[%csl Rf7]} Ne5 25. Bxe5
Bxe5 26. Bxf7+ Kg7 27. Rxd6 Rxe7 (27... Bxd6 28. Qd4+) 28. Rg6+ Kh7 29. Rxg5 $1
hxg5 30. Qxg5 Re6 31. Qf5+ Kg7 32. Rf3 Rf6 $11) 23... axb5 24. Rxg5+ $1 {
10 Joli mais les Blancs n'ont que la nulle} hxg5 25. Qxg5+ Kf8 26. Qh6+ {
[%mdl 512]} 1/2-1/2

[Event "EU-ch 12th"]
[Site "Aix les Bains"]
[Date "2011.04.02"]
[Round "11"]
[White "Moiseenko, Alexander"]
[Black "McShane, Luke J"]
[Result "1-0"]
[WhiteElo "2673"]
[BlackElo "2683"]
[Annotator "Krasenkow,M"]
[PlyCount "75"]
[EventDate "2011.03.22"]
[EventType "swiss"]
[EventRounds "11"]
[EventCountry "FRA"]
[SourceTitle "CBM 142 Extra"]
[Source "ChessBase"]
[SourceDate "2011.06.27"]
[SourceVersion "1"]
[SourceVersionDate "2011.06.27"]
[SourceQuality "1"]

1. d4 Nf6 2. c4 g6 3. Nc3 Bg7 4. e4 O-O 5. Bd3 Nc6 {A typical reply to Bf1-d3.
The special feature is that Black has not played ...d7-d6 yet.} 6. Nge2 e5 7.
d5 Nd4 8. Nxd4 (8. O-O d6 {leads to the main theoretical line of the 5.Bd3
system in the King's Indian} ({but Black can also play} 8... c5)) 8... exd4 9.
Ne2 c5 (9... d6 {again leads to the main theoretical line.}) (9... Re8 $5 10.
f3 c5 11. O-O d6 12. Ng3 (12. Bg5 {- game}) 12... b5 $5 (12... h5 $6 13. Bg5
Qc7 14. Qd2 Nh7 15. Bh4 a6 16. Rae1 Bd7 17. f4 Bh6 18. Qc2 Kh8 19. e5 $16 {
0-1 Matamoros Franco,C (2430)-Istratescu,A (2500)/Cappelle la Grande 1996/CBM
051 ext (36)}) 13. b3 $6 (13. cxb5 a6 {is the principled continuation}) 13...
bxc4 14. bxc4 Rb8 15. Nh1 Nd7 16. f4 Nb6 17. Nf2 Ba6 18. Qc2 Bxc4 $1 19. Bxc4
d3 20. Bxd3 Bxa1 $17 {1/2 Kiselev,S (2530)-Gufeld,E (2485)/Podolsk 1992/CBM
033 (82)}) 10. O-O d6 11. Bg5 (11. Ng3 Ng4 $1) 11... Re8 12. f3 h6 (12... Qc7
13. Ng3 Nd7 14. f4 h6 15. Bh4 b5 (15... Bf6 16. Bxf6 Nxf6 17. h3 Kg7 18. Qf3 a5
$6 19. e5 $1 $16 {1-0 Georgiev,V (2537)-Jones,R (2321)/Novi Sad 2009/CBM 133 
(27)}) 16. b3 $6 (16. cxb5 a6 17. a4 c4 18. Rc1 $13) 16... bxc4 17. bxc4 Rb8
18. Rf2 Qa5 19. Qf1 Rb6 20. h3 Ba6 21. Re1 Qa4 22. Rc2 Rb4 23. Rec1 Qa3 24. Nh1
Reb8 $17 {1-0 Erdos,V (2593)-Jones,R (2361)/Caleta 2011/CBM 141 (46)}) 13. Bd2
(13. Bh4 $5 g5 $6 14. Be1 Nh5 15. Bd2 g4 16. Nf4 $14 {0-1 Kohlweyer,B (2420)
-Degenhardt,H (2355)/Bad Mergentheim 1989/EXT 1997 (37)}) 13... Nd7 14. f4 Nf6
(14... b5 15. cxb5 a6 {is not so appropriate now due to} 16. a4) 15. Qc2 Bd7
16. a4 h5 $1 {Black must do something, otherwise White will comfortably
prepare e4-e5.} 17. h3 Qe7 18. e5 $5 {[%mdl 512] A must.} ({Of course, Black
is fine after} 18. Rae1 Nxe4 19. Ng3 Nxg3 $1 20. Rxe7 Rxe7 $44) 18... dxe5 19.
fxe5 Qxe5 20. Bf4 Qe7 21. Bg5 Qd6 {Playing for a win.} (21... Qe5 $5 {, and
White must probably repeat moves:} 22. Bf4 (22. Bxf6 $6 Bxf6 23. Bxg6 fxg6 24.
Qxg6+ Bg7 25. Qf7+ Kh7 26. Qxd7 Re7 $19)) 22. Bxf6 Bxf6 23. Bxg6 $1 Rxe2 24.
Bh7+ Kg7 25. Qxe2 Kxh7 26. Ra3 {Parrying White's attack requires accurate play
from Black. Instead, he starts making mistakes.} (26. Qxh5+ $6 Kg7 27. Ra3 Rh8
28. Qe2 Bg5) 26... Re8 $2 (26... Kh6 $1 27. Raf3 Bg5 28. Rxf7 Rg8 $15) 27.
Qxh5+ Kg7 $2 (27... Kg8 $8 28. Qf3 (28. Raf3 $2 Qe5 $1 29. Qxe5 Bxe5 30. Rxf7
Bxa4) 28... Bg7 29. Qxf7+ Kh8 30. Raf3 Re7 31. Qh5+ Kg8 32. Qg5 Re5 33. Qg3 $36
) 28. Raf3 $18 Rh8 (28... Qe5 29. Qxe5 Bxe5 30. Rxf7+ $18) 29. Rxf6 Rxh5 30.
Rxd6 Bxa4 31. Rdf6 Be8 32. d6 Kf8 33. R1f5 Rh4 34. Rxc5 Bc6 35. Rcf5 Rh7 36.
Rf4 Rg7 37. g4 d3 38. Rd4 1-0